000 00768nam a22002657a 4500
003 CHAP
005 20220329134713.0
008 971013s r 00010 d
010 _a24471
011 _a25443
035 _a29543
040 _cCHAP
090 _aMP-50
100 0 0 _aHalsey, L. H.
_952390
245 1 _aWatermelon spacing and fertilization
500 _aSobretiro de : Proc. Fla. St. Hort. Soc. 72:131-5 (1959). 1960
590 _aBATCH-UPD
_b10
_c20130110
_lUCH01
_h1454
590 _aBATCH-UPD
_b10
_c20130410
_lUCH01
_h0919
590 _aBATCH-UPD
_b10
_c20130914
_lUCH01
_h1651
590 _aCONVERSION
_b10
_c20130109
_lUCH01
_h1314
650 1 4 _aSandía.
_9102056
901 _aBK
942 _cMP
949 _aMP-50
_bBC
_cMP
_d-68287
_eMP
_i29543
_si
999 _c24471
_d24471